00652nam a2200157 a 450000100100000000500170001000800410002704000250006808200150009310000270010824500870013526000670022230000210028995201670031099900170047700003353920200930070330.0110831s1897 dr 000 0 spa d aDO-SdBNPbspacBNPHU axxxbM896f1 aMoscoso, R. M.,92396814aLas familias vejetales representada en la flora de Santo Domingo /cR. M. Moscoso. aSanto Domingo :bLibreria i papeleria de Luis A. Weber,c1897. a114 p. ;c23 cm. 001050718RVaPDbPDcCTd2011-08-31iLF1l0oxxx M896fp33539-10r2020-06-25w2020-06-25y1zPertenecio a la biblioteca personal de Martinez BoogZNo se presta c33030d33030